000 00516nam a2200193 a 4500
001 1773825712672
003 YourLibrary
005 20260318145348.0
008 260318s2006##################000#0#eng##
020 _a9781591397786
082 0 4 _a362.1068
_bPOR
100 1 _aPorter, Michael E.,
_eauthor.
245 1 0 _aRedefining Health Care :
260 _bHarvard Business Press,
_c2006.
300 _a540 pages
650 0 _aBusiness & Economics.
942 _cENGLISH
040 _aYourLibrary
_beng
_cYourLibrary
999 _c617913
_d617913